Szczegóły MARC21

Zbiór zadań z analizy matematycznej. T. 2 /

003 -Nazwa inst., której nr kontr. jest w polu 001 [,]
    • @
    • Nazwa instytucji, której n kontrolny jest w polu 001
    • NUKAT
005 -DATA I CZAS OSTATNIEJ MODYFIKACJI [,]
    • @
    • pole kontrolne
    • 20241231111626.0
040 -Instytucja sporządzająca opis [ , ]
    • a
    • Instytucja, która sporządziła opis (NP)
    • TOR U/MIMH
    • c
    • Instytucja, która sporządziła rekord (NP)
    • TOR U/MIMH
    • d
    • Instytucja, która zmodyfikowała rekord (P)
    • TOR U/MIMH
    • d
    • Instytucja, która zmodyfikowała rekord (P)
    • Ł 30/EDs
041 -Język dokumentu [1, ]
    • a
    • Język tekstu (P)
    • polski
    • h
    • Język tekstu oryginalnego i/lub pośredniego (P)
    • rosyjski
942 -Rodzaj dokumentu [ , ]
    • c
    • Rodzaj dokumentu
    • Książka
100 -Hasło główne - nazwa osobowa [1, ]
    • a
    • Nazwa osobowa (NP)
    • Demidovič, Boris Pavlovič
    • d
    • Daty biograficzne (NP)
    • (1906-1977).
    • 9
    • KHW
    • 98994
245 -Strefa tytułu i oznaczenia odpowiedzialności [1,0]
    • a
    • Tytuł
    • Zbiór zadań z analizy matematycznej. Find
    • n
    • Oznaczenie części (P)
    • T. 2 /
    • c
    • Pozostałe elementy strefy tytułu i oznaczenia odpowiedzialności (NP)
    • B. P. Demidowicz.
260 -Strefa adresu wydawniczego [ , ]
    • a
    • Miejsce wydania (P)
    • Lublin :
    • b
    • Nazwa wydawcy (P)
    • Naukowa Książka,
    • c
    • Data wydania (P)
    • 1993.
300 -Strefa opisu fizycznego [ , ]
    • a
    • Określenie formy książki i/lub objętość (NP)
    • 85, [2] s. :
    • b
    • Oznaczenie ilustracji (NP)
    • il. ;
    • c
    • Format (NP)
    • 20 cm.
336 -Typ zawartości [ , ]
    • a
    • Termin opisujący typ zawartości
    • Tekst
    • b
    • Kod określający zawartość
    • txt
    • 2
    • Źródło (terminu i kodu)
    • rdacontent
337 -Typ mediów [ , ]
    • a
    • Tryb odtwarzania
    • Bez urządzenia pośredniczącego
    • b
    • Kod typu mediów
    • n
    • 2
    • Źródło (terminu i kodu)
    • rdamedia
338 -Typ/rodzaj nośnika [ , ]
    • a
    • Hasło opisujące typ nośnika
    • Wolumin
    • b
    • Kod typu nośnika
    • nc
    • 2
    • Źródło (terminu i kodu)
    • rdacarrier
546 -Uwaga dot. języka [ , ]
    • a
    • Uwaga dot. języka
    • Tł. z ros.
080 -Uniwersalna Klasyfikacja Dziesiętna [ , ]
    • a
    • Symbol klasyfikacji
    • 517
    • 2
    • Identyfikator wydania tablic
    • UDC-P058
    • 9
    • UKD
    • 4048
    • b
    • Dopowiedzenie
    • Analiza matematyczna. Matematyczna teoria kontroli.
    • 4
    • UKD2
    • 8056
    • x
    • Poddział wspólny
    • (076)
    • c
    • Dopowiedzenie poddz. wspólnego
    • (Materiały do ćwiczeń praktycznych. Zadania. Pytania i rozwiązania. Teksty programowane).
650 -Hasło przedmiotowe [ ,7]
    • a
    • Hasło przedmiotowe
    • Analiza matematyczna
    • v
    • Określnik formalny
    • zadania i ćwiczenia.
    • 2
    • Źródło terminu
    • kaba
    • 9
    • KHW
    • 354777
980 -Symbol UKD [ , ]
    • a
    • UKD
    • 517(076)
Lokalizacja Data inwentaryzacji Sygnatura Numer inwentarzowy Status udost.
BG1996-05-23 N.154211
BG1996-05-23 N.154221
BG1996-05-23 N.154231
BG1996-05-23 N.154241
BG1996-05-23 N.154251
BG1996-05-23 N.154261
BG1996-05-23 W.181216-9
BG1996-05-23 W.181217-9
BG1996-05-23 W.181218-9
BG1996-05-23W.179090W.1812192
BG1996-05-23W.179090W.1812202
BG1996-05-23W.179090W.1812212
BG1996-05-23W.179090W.1812222
BG1996-05-23W.179090W.1812232
BG1996-05-23W.179090W.1812242
BG1996-05-23W.179090W.1812252